000 00418nam a2200145Ia 4500
008 231129s2014||||xx |||||||||||||| ||spa||
020 _a978-958-767-122-3
040 _bspa
082 _a342.861 E18c
100 _aEcheverri Quintana Eudoro
245 0 _aLas causales del control de constitucionalidad
260 _c2014
264 _aBogotá Colombia : Legis
942 _2ddc
_cBKS
999 _c18636
_d18636